[Event "GER-ch 2012-D-V7 serv"]
[Site "GER email"]
[Date "2012.07.23"]
[Round "?"]
[White "Draeger, Wolfgang"]
[Black "Kmiecik, Klaus"]
[Result "1-0"]
[WhiteElo "2126"]
[BlackElo "2018"]
[PlyCount "23"]
[EventDate "2012.08.13"]
[EventType "tourn (corr)"]
[EventRounds "6"]
[EventCountry "GER"]
[SourceTitle "Corr 2015"]
[Source "ChessBase"]
[SourceDate "2015.07.17"]
[SourceVersion "1"]
[SourceVersionDate "2015.07.17"]
[SourceQuality "1"]

1. d4 Nf6 2. c4 e6 3. Nf3 b6 4. g3 Ba6 5. b3 Bb4+ 6. Bd2 Be7 7. Bg2 0-0 8. 0-0 d5 9. cxd5 Nxd5 10. Nc3 Nd7 11. Nxd5 exd5 12. Rc1 1-0

[Event "GER-ch 2012-D-V7 serv"]
[Site "GER email"]
[Date "2012.07.23"]
[Round "?"]
[White "Kmiecik, Klaus"]
[Black "Krumm, Guenther"]
[Result "0-1"]
[WhiteElo "2018"]
[BlackElo "2049"]
[PlyCount "38"]
[EventDate "2012.08.13"]
[EventType "tourn (corr)"]
[EventRounds "6"]
[EventCountry "GER"]
[SourceTitle "Corr 2015"]
[Source "ChessBase"]
[SourceDate "2015.07.17"]
[SourceVersion "1"]
[SourceVersionDate "2015.07.17"]
[SourceQuality "1"]

1. d4 Nf6 2. Nf3 e6 3. Bg5 h6 4. Bh4 Be7 5. Nbd2 c5 6. e3 b6 7. c3 Bb7 8. Bd3 Nc6 9. a3 0-0 10. 0-0 d6 11. Qe2 Na5 12. dxc5 bxc5 13. b4 Nc6 14. bxc5 dxc5 15. e4 Nh5 16. Bxe7 Nxe7 17. g3 Rb8 18. e5 Nd5 19. Bc4 Ba8 0-1

[Event "GER-ch 2012-D-V7 serv"]
[Site "GER email"]
[Date "2012.07.23"]
[Round "?"]
[White "Kmiecik, Klaus"]
[Black "Offenborn, Heinz"]
[Result "0-1"]
[WhiteElo "2018"]
[BlackElo "2128"]
[PlyCount "42"]
[EventDate "2012.08.13"]
[EventType "tourn (corr)"]
[EventRounds "6"]
[EventCountry "GER"]
[SourceTitle "Corr 2015"]
[Source "ChessBase"]
[SourceDate "2015.07.17"]
[SourceVersion "1"]
[SourceVersionDate "2015.07.17"]
[SourceQuality "1"]

1. d4 Nf6 2. Nf3 e6 3. Bg5 c5 4. dxc5 Bxc5 5. e3 Qb6 6. Bxf6 gxf6 7. Qc1 f5 8. a3 Qc7 9. Be2 Be7 10. 0-0 b6 11. c4 Bb7 12. Nc3 Rg8 13. Rd1 a6 14. Qc2 d6 15. e4 fxe4 16. Nxe4 Nd7 17. Qd3 Kf8 18. Ng3 Rg6 19. Qc3 Bf6 20. Qd2 Rd8 21. Nd4 Bg5 0-1

[Event "GER-ch 2012-D-V7 serv"]
[Site "GER email"]
[Date "2012.07.23"]
[Round "?"]
[White "Kmiecik, Klaus"]
[Black "Wilshusen, Horst"]
[Result "0-1"]
[WhiteElo "2018"]
[BlackElo "1493"]
[PlyCount "44"]
[EventDate "2012.08.13"]
[EventType "tourn (corr)"]
[EventRounds "6"]
[EventCountry "GER"]
[SourceTitle "Corr 2015"]
[Source "ChessBase"]
[SourceDate "2015.07.17"]
[SourceVersion "1"]
[SourceVersionDate "2015.07.17"]
[SourceQuality "1"]

1. d4 f5 2. Nf3 Nf6 3. Bg5 e6 4. Nbd2 Be7 5. Bxf6 Bxf6 6. e4 fxe4 7. Nxe4 b6 8. Bd3 Bb7 9. c3 Nc6 10. 0-0 0-0 11. Qc2 g6 12. Nxf6+ Qxf6 13. Rfe1 Rae8 14. Re3 Re7 15. Rae1 Rg7 16. Be4 Nd8 17. Bxb7 Nxb7 18. Ne5 Qd8 19. Qa4 a5 20. d5 exd5 21. Qd4 c6 22. Ng4 h5 0-1

[Event "GER rap7 FSM/V03 email"]
[Site "GER email"]
[Date "2012.07.02"]
[Round "?"]
[White "Franke, Heiko"]
[Black "Kmiecik, Klaus"]
[Result "1-0"]
[WhiteElo "1904"]
[BlackElo "2018"]
[PlyCount "107"]
[EventDate "2012.07.12"]
[EventType "tourn (corr)"]
[EventRounds "4"]
[EventCountry "GER"]
[SourceTitle "Corr 2015"]
[Source "ChessBase"]
[SourceDate "2015.07.17"]
[SourceVersion "1"]
[SourceVersionDate "2015.07.17"]
[SourceQuality "1"]

1. c4 e5 2. g3 Nf6 3. Bg2 h6 4. Nc3 Bb4 5. Nf3 Bxc3 6. bxc3 e4 7. Nd4 0-0 8. 0-0 d6 9. f3 c5 10. Nc2 exf3 11. Rxf3 Nc6 12. d3 Ne5 13. Rf2 Rb8 14. h3 Re8 15. Rb1 b6 16. e4 Be6 17. Ne3 Qd7 18. Qf1 Rbc8 19. Rxf6 gxf6 20. d4 cxd4 21. cxd4 Nxc4 22. d5 Nxe3 23. dxe6 Qxe6 24. Bxe3 f5 25. Rb5 Rc3 26. Bd4 Rxg3 27. Kh2 Ra3 28. exf5 Qe7 29. Qf2 d5 30. Qf4 Qg5 31. Qxg5+ hxg5 32. Rb2 Rd3 33. Bf6 Rc8 34. Re2 b5 35. Bxg5 b4 36. Bf6 a5 37. Bf1 Rd1 38. Rg2+ Kf8 39. Bb5 d4 40. Re2 Rdc1 41. Re4 R1c2+ 42. Kg3 Rxa2 43. Rh4 Rc3+ 44. Kf4 Rf2+ 45. Ke4 Rg2 46. Kxd4 Rc7 47. Bc4 Rg1 48. Bd5 b3 49. Bxb3 Ra7 50. Bd5 a4 51. Kc5 Ra5+ 52. Kd6 a3 53. Rb4 Ra6+ 54. Bc6 1-0

[Event "GER rap7 FSM/V03 email"]
[Site "GER email"]
[Date "2012.07.02"]
[Round "?"]
[White "Kmiecik, Klaus"]
[Black "Ensenbach, Marc"]
[Result "0-1"]
[WhiteElo "2018"]
[BlackElo "2007"]
[PlyCount "104"]
[EventDate "2012.07.12"]
[EventType "tourn (corr)"]
[EventRounds "4"]
[EventCountry "GER"]
[SourceTitle "Corr 2015"]
[Source "ChessBase"]
[SourceDate "2015.07.17"]
[SourceVersion "1"]
[SourceVersionDate "2015.07.17"]
[SourceQuality "1"]

1. d4 e6 2. Nf3 c5 3. e3 Nc6 4. c4 d5 5. Nc3 Nf6 6. a3 a6 7. cxd5 exd5 8. Be2 cxd4 9. exd4 Bd6 10. Bg5 Be6 11. 0-0 0-0 12. b4 h6 13. Bh4 g5 14. Bg3 Ne4 15. Nxe4 dxe4 16. Ne5 Bxe5 17. dxe5 Rc8 18. Bg4 Qxd1 19. Bxd1 Nd4 20. Re1 Bf5 21. h4 Rfd8 22. e6 fxe6 23. hxg5 hxg5 24. Be5 Rd5 25. Bf6 Bg6 26. Be7 b6 27. Bf6 Kf7 28. Bxd4 Rxd4 29. Be2 a5 30. bxa5 bxa5 31. Rac1 Rxc1 32. Rxc1 Rd2 33. Bb5 e3 34. fxe3 Ra2 35. Rc3 Be4 36. Bf1 Bd5 37. Kh2 a4 38. Bb5 Rxg2+ 39. Kh3 Rg1 40. Kh2 Rh1+ 41. Kg3 Bb3 42. Rc7+ Kf6 43. Rc3 Rg1+ 44. Kf2 Rb1 45. Bc6 Ra1 46. Kg3 g4 47. Bb5 Kf5 48. Bc6 Bd5 49. Bxa4 Rg1+ 50. Kf2 Rg2+ 51. Kf1 Ra2 52. Bd7 Ke5 0-1

[Event "GER-ch68 V09 email"]
[Site "GER email"]
[Date "2012.01.28"]
[Round "?"]
[White "Janssen, Johann"]
[Black "Kmiecik, Klaus"]
[Result "1/2-1/2"]
[WhiteElo "2140"]
[BlackElo "2000"]
[PlyCount "72"]
[EventDate "2012.02.13"]
[EventType "tourn (corr)"]
[EventRounds "6"]
[EventCountry "GER"]
[SourceTitle "Corr 2015"]
[Source "ChessBase"]
[SourceDate "2015.07.17"]
[SourceVersion "1"]
[SourceVersionDate "2015.07.17"]
[SourceQuality "1"]
[WhiteTeam "Germany"]
[BlackTeam "Germany"]
[WhiteTeamCountry "GER"]
[BlackTeamCountry "GER"]

1. d4 Nf6 2. c4 e6 3. Nf3 b6 4. g3 Ba6 5. b3 Bb4+ 6. Bd2 Be7 7. Bg2 0-0 8. 0-0 d5 9. cxd5 Nxd5 10. Nc3 Nd7 11. Nxd5 exd5 12. Rc1 Re8 13. Re1 Bb7 14. b4 Nf6 15. Ne5 Ne4 16. Rf1 Bf8 17. Bf4 f6 18. Nd3 c6 19. Qb3 Kh8 20. Rc2 g5 21. Bd2 Nxd2 22. Rxd2 Qd7 23. a4 Ba6 24. b5 cxb5 25. axb5 Qxb5 26. Qa2 Rac8 27. Bxd5 Rc3 28. Bf7 Re7 29. Ra1 Bc8 30. Rc2 Rxc2 31. Qxc2 Bg4 32. Bc4 Qe8 33. e3 Rc7 34. Qa2 Bf5 35. Qb3 Qc6 36. Bb5 Be6 1/2-1/2

[Event "GER-ch67 V06 email"]
[Site "GER email"]
[Date "2012.01.22"]
[Round "?"]
[White "Hempel, Reinhard"]
[Black "Kmiecik, Klaus"]
[Result "1/2-1/2"]
[WhiteElo "1912"]
[BlackElo "2018"]
[PlyCount "51"]
[EventDate "2012.01.30"]
[EventType "tourn (corr)"]
[EventRounds "6"]
[EventCountry "GER"]
[SourceTitle "Corr 2015"]
[Source "ChessBase"]
[SourceDate "2015.07.17"]
[SourceVersion "1"]
[SourceVersionDate "2015.07.17"]
[SourceQuality "1"]

1. c4 Nf6 2. g3 e5 3. Bg2 h6 4. Nc3 Bb4 5. Nf3 Bxc3 6. bxc3 e4 7. Nd4 0-0 8. 0-0 d6 9. f3 c5 10. Nc2 exf3 11. Rxf3 Nc6 12. d3 Ne5 13. Rf4 Re8 14. Ne3 Neg4 15. Nd5 Nxd5 16. cxd5 Qa5 17. Bd2 Bd7 18. c4 Qd8 19. Rb1 b6 20. e4 Ne5 21. Bc3 Qg5 22. Qc2 f6 23. Bf1 Rf8 24. Be2 f5 25. Rbf1 Ng6 26. R4f3 1/2-1/2

[Event "GER-ch67 V06 email"]
[Site "GER email"]
[Date "2012.01.22"]
[Round "?"]
[White "Kmiecik, Klaus"]
[Black "Hinz, Horst"]
[Result "1/2-1/2"]
[WhiteElo "2018"]
[BlackElo "2150"]
[PlyCount "74"]
[EventDate "2012.01.30"]
[EventType "tourn (corr)"]
[EventRounds "6"]
[EventCountry "GER"]
[SourceTitle "Corr 2015"]
[Source "ChessBase"]
[SourceDate "2015.07.17"]
[SourceVersion "1"]
[SourceVersionDate "2015.07.17"]
[SourceQuality "1"]

1. d4 d5 2. Nf3 Nf6 3. Bg5 Ne4 4. Bf4 c5 5. e3 Nc6 6. Nbd2 Qb6 7. Bd3 Nxd2 8. Qxd2 c4 9. Be2 Qxb2 10. 0-0 Bf5 11. Rfb1 Qxc2 12. Rxb7 f6 13. Qe1 Qa4 14. Nd2 Nd8 15. Rb2 e5 16. e4 Ba3 17. Rbb1 exf4 18. exf5 Kf8 19. Bf3 c3 20. Nb3 Rc8 21. Bxd5 g6 22. Qe4 Kg7 23. Re1 Qd7 24. Be6 Nxe6 25. fxe6 Qc6 26. d5 Qc4 27. Nd4 c2 28. d6 Bxd6 29. Rac1 Bc5 30. Nf5+ gxf5 31. Qxc4 Bxf2+ 32. Kxf2 Rxc4 33. Re2 Rhc8 34. e7 Re8 35. Rcxc2 Rxc2 36. Rxc2 Rxe7 37. Rc4 Kg6 1/2-1/2

[Event "GER-ch67 V06 email"]
[Site "GER email"]
[Date "2012.01.22"]
[Round "?"]
[White "Kmiecik, Klaus"]
[Black "Koch, Hans Georg"]
[Result "1/2-1/2"]
[WhiteElo "2018"]
[BlackElo "2142"]
[PlyCount "72"]
[EventDate "2012.01.30"]
[EventType "tourn (corr)"]
[EventRounds "6"]
[EventCountry "GER"]
[SourceTitle "Corr 2015"]
[Source "ChessBase"]
[SourceDate "2015.07.17"]
[SourceVersion "1"]
[SourceVersionDate "2015.07.17"]
[SourceQuality "1"]

1. d4 Nf6 2. Nf3 g6 3. Bg5 Bg7 4. e3 0-0 5. Nbd2 d6 6. Bc4 Qe8 7. e4 h6 8. Bxf6 Bxf6 9. 0-0 e5 10. c3 exd4 11. cxd4 Nc6 12. Bb5 Bd7 13. Bxc6 Bxc6 14. Re1 Bg7 15. a4 a6 16. h3 Qd8 17. Qc2 Re8 18. b3 Rc8 19. Rac1 Bd7 20. Qd3 c6 21. e5 Be6 22. Qe3 dxe5 23. dxe5 Rc7 24. Ne4 Rd7 25. Nd6 Ree7 26. Rcd1 Bd5 27. Ne4 b6 28. Qc3 a5 29. Rd3 Bxe4 30. Rxd7 Rxd7 31. Rxe4 Rd1+ 32. Kh2 Qd5 33. Re3 h5 34. Qc4 Qxc4 35. bxc4 Rc1 36. Rb3 Rxc4 1/2-1/2

[Event "GER-chT9 KI-31 Br02 email"]
[Site "GER email"]
[Date "2011.10.17"]
[Round "?"]
[White "Kmiecik, Klaus"]
[Black "Schatz, Dieter"]
[Result "1-0"]
[WhiteElo "2018"]
[BlackElo "1813"]
[PlyCount "47"]
[EventDate "2011.10.23"]
[EventType "tourn (corr)"]
[EventRounds "6"]
[EventCountry "GER"]
[SourceTitle "Corr 2015"]
[Source "ChessBase"]
[SourceDate "2015.07.17"]
[SourceVersion "1"]
[SourceVersionDate "2015.07.17"]
[SourceQuality "1"]

1. d4 e6 2. Nf3 Nf6 3. Bg5 d5 4. e3 c6 5. Nbd2 Nbd7 6. Bd3 Qc7 7. 0-0 Bd6 8. c4 Qb8 9. Re1 h6 10. Bh4 b6 11. e4 dxe4 12. Nxe4 Nxe4 13. Bxe4 Qc7 14. b4 g5 15. Bg3 Bxg3 16. fxg3 Nf6 17. Bxc6+ Qxc6 18. Ne5 Qb7 19. Rf1 Ke7 20. d5 exd5 21. Qd4 Rf8 22. Rae1 Be6 23. b5 Rae8 24. Nc6+ 1-0

[Event "GER-chT9 KI-31 Br02 email"]
[Site "GER email"]
[Date "2011.10.17"]
[Round "?"]
[White "Vetter, Udo"]
[Black "Kmiecik, Klaus"]
[Result "0-1"]
[WhiteElo "1669"]
[BlackElo "2018"]
[PlyCount "52"]
[EventDate "2011.10.23"]
[EventType "tourn (corr)"]
[EventRounds "6"]
[EventCountry "GER"]
[SourceTitle "Corr 2015"]
[Source "ChessBase"]
[SourceDate "2015.07.17"]
[SourceVersion "1"]
[SourceVersionDate "2015.07.17"]
[SourceQuality "1"]

1. c4 Nf6 2. d4 e6 3. Nc3 Bb4 4. Bg5 c5 5. e3 Qa5 6. Nge2 Ne4 7. Bf4 Nxc3 8. bxc3 Bxc3+ 9. Nxc3 Qxc3+ 10. Ke2 Qxc4+ 11. Ke1 Qc3+ 12. Ke2 Qb2+ 13. Ke1 Nc6 14. Bd3 cxd4 15. exd4 Qxd4 16. Be3 Qc3+ 17. Kf1 Nb4 18. Be2 Nc2 19. Rc1 Nxe3+ 20. fxe3 Qxe3 21. Bf3 d5 22. Qa4+ Bd7 23. Qg4 Bb5+ 24. Be2 Bxe2+ 25. Qxe2 Qxc1+ 26. Qe1 Rc8 0-1

[Event "GER 1. Rucki-Zucki-Cup/Z03 email"]
[Site "GER email"]
[Date "2011.10.16"]
[Round "?"]
[White "Ernst, Christoph"]
[Black "Kmiecik, Klaus"]
[Result "1/2-1/2"]
[WhiteElo "1955"]
[BlackElo "1991"]
[PlyCount "77"]
[EventDate "2011.11.01"]
[EventType "tourn (corr)"]
[EventRounds "6"]
[EventCountry "GER"]
[SourceTitle "Corr 2015"]
[Source "ChessBase"]
[SourceDate "2015.07.17"]
[SourceVersion "1"]
[SourceVersionDate "2015.07.17"]
[SourceQuality "1"]

1. d4 Nf6 2. c4 e6 3. Nf3 b6 4. g3 Bb7 5. Bg2 Be7 6. 0-0 0-0 7. Nc3 Ne4 8. Qc2 Nxc3 9. Qxc3 c5 10. Rd1 d6 11. Bf4 Nc6 12. d5 Nd4 13. Nxd4 cxd4 14. Qd3 e5 15. Bd2 f5 16. a4 a5 17. e4 dxe3 18. Bxe3 Bc8 19. Qb3 Rb8 20. f4 exf4 21. Bxf4 Rb7 22. Re1 Bf6 23. Re2 Bd4+ 24. Kh1 Bc5 25. Qd3 Qf6 26. Rae1 Bd7 27. b3 Rbb8 28. Bh3 g6 29. Bd2 Rfe8 30. Bc3 Rxe2 31. Rxe2 Qf8 32. Kg2 Kf7 33. Bd2 Re8 34. Kf1 Qg7 35. Rxe8 Kxe8 36. Qc3 Bd4 37. Qc1 Kd8 38. Bh6 Qe5 39. Qf4 1/2-1/2

[Event "GER-ch64 V07 email"]
[Site "GER email"]
[Date "2011.06.10"]
[Round "?"]
[White "Kmiecik, Klaus"]
[Black "Hildebrand, Gerald"]
[Result "1/2-1/2"]
[WhiteElo "2012"]
[BlackElo "2184"]
[PlyCount "55"]
[EventDate "2011.06.17"]
[EventType "tourn (corr)"]
[EventRounds "6"]
[EventCountry "GER"]
[SourceTitle "Corr 2015"]
[Source "ChessBase"]
[SourceDate "2015.07.17"]
[SourceVersion "1"]
[SourceVersionDate "2015.07.17"]
[SourceQuality "1"]
[WhiteTeam "Germany"]
[BlackTeam "Germany"]
[WhiteTeamCountry "GER"]
[BlackTeamCountry "GER"]

1. d4 Nf6 2. Nf3 g6 3. Bg5 Bg7 4. e3 0-0 5. Nbd2 d5 6. c3 Nbd7 7. Be2 Re8 8. 0-0 e5 9. Bh4 e4 10. Ne1 c6 11. Nc2 a5 12. c4 dxc4 13. Nxc4 Nb6 14. Nxb6 Qxb6 15. Na3 Re6 16. Nc4 Qc7 17. Bg3 Qd8 18. Rc1 Nd5 19. Qc2 a4 20. a3 f5 21. Rfe1 Bf6 22. Ne5 Re7 23. Bc4 Be6 24. Qd1 Re8 25. h3 Qe7 26. Re2 Kg7 27. Rec2 Bg5 28. Qe1 1/2-1/2

[Event "GER-ch64 V07 email"]
[Site "GER email"]
[Date "2011.06.10"]
[Round "?"]
[White "Kmiecik, Klaus"]
[Black "Traut, Gerhard"]
[Result "1-0"]
[WhiteElo "2012"]
[BlackElo "1854"]
[PlyCount "109"]
[EventDate "2011.06.17"]
[EventType "tourn (corr)"]
[EventRounds "6"]
[EventCountry "GER"]
[SourceTitle "Corr 2015"]
[Source "ChessBase"]
[SourceDate "2015.07.17"]
[SourceVersion "1"]
[SourceVersionDate "2015.07.17"]
[SourceQuality "1"]
[WhiteTeam "Germany"]
[BlackTeam "Germany"]
[WhiteTeamCountry "GER"]
[BlackTeamCountry "GER"]

1. d4 Nf6 2. Nf3 g6 3. Bg5 Bg7 4. e3 0-0 5. Nbd2 d6 6. Bc4 Nbd7 7. 0-0 h6 8. Bh4 Qe8 9. c3 e5 10. e4 Nh5 11. Re1 Nb6 12. Bb3 a5 13. a4 Nf4 14. h3 Be6 15. Bc2 Qc8 16. Bg3 Nh5 17. Bh2 Nf4 18. Bxf4 exf4 19. e5 Re8 20. exd6 cxd6 21. Bb3 Qd7 22. Bxe6 Rxe6 23. Rxe6 Qxe6 24. Qc2 Qc8 25. Qe4 Qd7 26. b3 Re8 27. Qc2 Nd5 28. Nc4 Qc7 29. Qd3 Bf6 30. Rc1 Bg7 31. Na3 Bf8 32. Nd2 Nf6 33. Nb5 Qd7 34. Qf3 g5 35. Nc4 d5 36. Ne5 Qf5 37. c4 Rc8 38. g4 Qe4 39. Qxe4 Nxe4 40. Rc2 Bb4 41. c5 Kf8 42. Kg2 f6 43. Nd7+ Kg8 44. Nb6 Rd8 45. f3 Nd2 46. Nd6 Nxb3 47. Nxb7 Nxd4 48. Nxd8 Nxc2 49. c6 Ne3+ 50. Kf2 Bc5 51. Nd7 Bd6 52. Ke2 Kg7 53. Nb7 Bc7 54. Ndc5 Kf7 55. Na6 1-0

[Event "GER-ch64 V07 email"]
[Site "GER email"]
[Date "2011.06.10"]
[Round "?"]
[White "Sirvent, Ricardo"]
[Black "Kmiecik, Klaus"]
[Result "1/2-1/2"]
[WhiteElo "1952"]
[BlackElo "2012"]
[PlyCount "127"]
[EventDate "2011.06.17"]
[EventType "tourn (corr)"]
[EventRounds "6"]
[EventCountry "GER"]
[SourceTitle "Corr 2015"]
[Source "ChessBase"]
[SourceDate "2015.07.17"]
[SourceVersion "1"]
[SourceVersionDate "2015.07.17"]
[SourceQuality "1"]
[WhiteTeam "Germany"]
[BlackTeam "Germany"]
[WhiteTeamCountry "GER"]
[BlackTeamCountry "GER"]

1. e4 d5 2. exd5 Nf6 3. d4 Nxd5 4. c4 Nb6 5. Nf3 Bg4 6. c5 N6d7 7. Be2 Nc6 8. 0-0 e6 9. Nc3 Be7 10. h3 Bh5 11. Be3 0-0 12. Qb3 Na5 13. Qa4 Nc6 14. Ne5 Ncxe5 15. Bxh5 Ng6 16. Bf3 c6 17. g3 Bg5 18. Bxg5 Qxg5 19. Ne4 Qe7 20. Nd6 Nf6 21. Rab1 a6 22. Qb4 Rab8 23. Rfe1 Ne8 24. Nc4 Nc7 25. Rbd1 Qf6 26. Kg2 Rfd8 27. Qd2 Nb5 28. Re4 Nc7 29. Bg4 Nd5 30. a3 Nge7 31. Nd6 g6 32. Re5 Nc8 33. Nc4 b5 34. Na5 Nce7 35. Rde1 Qg7 36. Bf3 Rdc8 37. Nb3 h5 38. Nc1 a5 39. Nd3 b4 40. Bxd5 Nxd5 41. axb4 Nxb4 42. Nf4 Qh6 43. Ra1 Nd5 44. Rxa5 Rb3 45. Qc2 Nxf4+ 46. gxf4 Rb7 47. Qe4 Qf8 48. Ra6 Qe8 49. f5 gxf5 50. Qh4 Qe7 51. Qxh5 Qf6 52. Re3 Kf8 53. Rg3 Qxd4 54. Qh6+ Ke7 55. Qg5+ Qf6 56. Qf4 Qxb2 57. Qd6+ Kf6 58. Rxc6 Rbb8 59. Rb6 Qe5 60. Qxe5+ Kxe5 61. Rxb8 Rxb8 62. Rc3 Rg8+ 63. Kh2 Kd5 64. c6 1/2-1/2

[Event "GER-ch43 V07 email"]
[Site "GER email"]
[Date "2011.04.10"]
[Round "?"]
[White "Kmiecik, Klaus"]
[Black "Bender, Klaus"]
[Result "1/2-1/2"]
[WhiteElo "2029"]
[BlackElo "2124"]
[PlyCount "69"]
[EventDate "2011.04.18"]
[EventType "tourn (corr)"]
[EventRounds "10"]
[EventCountry "GER"]
[SourceTitle "Corr 2015"]
[Source "ChessBase"]
[SourceDate "2015.07.17"]
[SourceVersion "1"]
[SourceVersionDate "2015.07.17"]
[SourceQuality "1"]
[WhiteTeam "Germany"]
[BlackTeam "Latvia"]
[WhiteTeamCountry "GER"]
[BlackTeamCountry "LAT"]

1. d4 e6 2. Nf3 b6 3. e4 Bb7 4. Bd3 c5 5. c3 Nf6 6. e5 Nd5 7. dxc5 Bxc5 8. 0-0 Be7 9. a3 f5 10. c4 Nc7 11. Nc3 0-0 12. Qe2 Bxf3 13. Qxf3 Nc6 14. Re1 Nd4 15. Qg3 Nb3 16. Rb1 Nxc1 17. Rbxc1 a5 18. Be2 Na6 19. Qd3 Qc7 20. Bf3 Rad8 21. Nb5 Qb8 22. Qc2 Nc5 23. b3 Rf7 24. Rcd1 Rdf8 25. b4 Ne4 26. Qb2 Ng5 27. Be2 Rd8 28. Rd3 Rff8 29. Red1 f4 30. Bg4 Qc8 31. Qc3 Nf7 32. R3d2 Nh6 33. Bf3 Nf7 34. Re1 g6 35. h3 1/2-1/2

[Event "GER-ch43 V07 email"]
[Site "GER email"]
[Date "2011.04.10"]
[Round "?"]
[White "Kmiecik, Klaus"]
[Black "Wolf, Wolfgang"]
[Result "0-1"]
[WhiteElo "2029"]
[BlackElo "2146"]
[PlyCount "92"]
[EventDate "2011.04.18"]
[EventType "tourn (corr)"]
[EventRounds "10"]
[EventCountry "GER"]
[SourceTitle "Corr 2015"]
[Source "ChessBase"]
[SourceDate "2015.07.17"]
[SourceVersion "1"]
[SourceVersionDate "2015.07.17"]
[SourceQuality "1"]
[WhiteTeam "Germany"]
[BlackTeam "Latvia"]
[WhiteTeamCountry "GER"]
[BlackTeamCountry "LAT"]

1. d4 d5 2. Nf3 Nf6 3. Bg5 e6 4. e3 Be7 5. Nbd2 0-0 6. Bd3 c5 7. c3 Nc6 8. 0-0 b6 9. Bf4 Bb7 10. Ne5 Nxe5 11. Bxe5 c4 12. Bc2 b5 13. Re1 Nd7 14. Bf4 f5 15. a3 a5 16. Qf3 g5 17. Qg3 h6 18. Bc7 Qc8 19. h3 Rf7 20. Nf3 Nf6 21. Be5 Ne4 22. Bxe4 dxe4 23. Nd2 Kh7 24. Qh2 Bd5 25. Nf1 Qg8 26. Ng3 Qg6 27. Ne2 Rg8 28. a4 b4 29. cxb4 axb4 30. a5 f4 31. a6 f3 32. Ng3 h5 33. a7 h4 34. Nf1 g4 35. g3 Ra8 36. Bb8 Kg8 37. Ra5 gxh3 38. Qxh3 Rg7 39. Be5 Bd8 40. Rxd5 exd5 41. Bxg7 Qxg7 42. Qe6+ Qf7 43. Qg4+ Kf8 44. gxh4 Rxa7 45. Ng3 Qf6 46. Qc8 Qxh4 0-1

[Event "GER-ch43 V07 email"]
[Site "GER email"]
[Date "2011.04.10"]
[Round "?"]
[White "Starke, Heiko"]
[Black "Kmiecik, Klaus"]
[Result "1-0"]
[WhiteElo "2248"]
[BlackElo "2029"]
[PlyCount "75"]
[EventDate "2011.04.18"]
[EventType "tourn (corr)"]
[EventRounds "10"]
[EventCountry "GER"]
[SourceTitle "Corr 2015"]
[Source "ChessBase"]
[SourceDate "2015.07.17"]
[SourceVersion "1"]
[SourceVersionDate "2015.07.17"]
[SourceQuality "1"]
[WhiteTeam "Germany"]
[BlackTeam "Latvia"]
[WhiteTeamCountry "GER"]
[BlackTeamCountry "LAT"]

1. d4 Nf6 2. Bg5 e6 3. e4 h6 4. Bxf6 Qxf6 5. c3 d6 6. Bd3 Qg5 7. g3 e5 8. Nf3 Qf6 9. Nbd2 Be7 10. Nc4 0-0 11. Ne3 c6 12. h4 Re8 13. Qe2 a5 14. g4 Na6 15. a3 Qf4 16. Rg1 exd4 17. cxd4 Bd8 18. Ng2 Qxg4 19. Qe3 c5 20. Nf4 cxd4 21. Qxd4 Bf6 22. Qe3 Qd7 23. Nh5 Bxb2 24. Rb1 Bc3+ 25. Ke2 Kf8 26. Bb5 Qc7 27. Bxe8 Kxe8 28. Qd3 d5 29. exd5 Qe7+ 30. Qe3 g6 31. Rgc1 Bh8 32. Ng3 Bg7 33. Rb6 Qxe3+ 34. Kxe3 Bf8 35. d6 Bg7 36. h5 Rb8 37. hxg6 fxg6 38. Ne4 1-0